=LDR 00000nam 2200000 4500 =001 INLIS000000000055867 =005 20200803084110 =035 ##$$a 0010-0820000008 =007 ta =008 200803###########################0#eng## =020 ##$$a 9-958812-2-5 =082 ##$$a 641.509 73 =084 ##$$a 641.509 73-Cru a =245 1#$$a America The Majestic : $b Pictorial Cook Book /$c Brian Crumblehulme =250 ##$$a Cet 1 =300 ##$$a 319 halaman : $b Ilustrasi ; $c 30 Cm. =650 #4$$a Masakan Amerika Serikat =700 #$$a Editor : Ellen Wrgyriou =264 ##$$a Australia :$b Gaslight Publishing LTD,$c 1981 =336 ##$$a teks$2 rdacontent =337 ##$$a lain-lain$2 rdamedia =338 ##$$a lain-lain$2 rdacarrier =990 ##$$a 08740874